Lyonesse II (Record no. 350733)
[ view plain ]
| 000 -LEADER | |
|---|---|
| fixed length control field | 01166cam a2200349 a 4500 |
| 001 - CONTROL NUMBER | |
| control field | 14292532 |
| 003 - CONTROL NUMBER IDENTIFIER | |
| control field | OSt |
| 005 - DATE AND TIME OF LATEST TRANSACTION | |
| control field | 20180116183025.0 |
| 008 - FIXED-LENGTH DATA ELEMENTS--GENERAL INFORMATION | |
| fixed length control field | 060308s2002 cauab 000 1 eng |
| 010 ## - LIBRARY OF CONGRESS CONTROL NUMBER | |
| LC control number | 2006540265 |
| 020 ## - INTERNATIONAL STANDARD BOOK NUMBER | |
| International Standard Book Number | 0971237514 |
| 040 ## - CATALOGING SOURCE | |
| Original cataloging agency | DLC |
| Transcribing agency | DLC |
| Modifying agency | DLC |
| 050 00 - LIBRARY OF CONGRESS CALL NUMBER | |
| Classification number | PS3572 |
| Item number | .A424 2002 vol. 37 |
| 082 00 - DEWEY DECIMAL CLASSIFICATION NUMBER | |
| Classification number | 813.54 VAN 1985 |
| Edition number | 22 |
| 100 1# - MAIN ENTRY--PERSONAL NAME | |
| Personal name | Vance, Jack, |
| Dates associated with a name | 1916-2013. |
| 245 14 - TITLE STATEMENT | |
| Title | Lyonesse II |
| Statement of responsibility, etc. | [Jack Vance]. |
| Remainder of title | The green pearl |
| 260 ## - PUBLICATION, DISTRIBUTION, ETC. | |
| Place of publication, distribution, etc. | Oakland [Calif.] : |
| Name of publisher, distributor, etc. | Vance Integral Edition, |
| Date of publication, distribution, etc. | 2002. |
| 300 ## - PHYSICAL DESCRIPTION | |
| Extent | 534 p. : |
| Other physical details | ill., maps ; |
| Dimensions | 20 cm. |
| 440 ## - SERIES STATEMENT/ADDED ENTRY--TITLE | |
| Title | Lyonesse II |
| 490 1# - SERIES STATEMENT | |
| Series statement | Lyonesse ; |
| Volume/sequential designation | bk. 2 |
| 490 1# - SERIES STATEMENT | |
| Series statement | The complete works of Jack Vance ; |
| Volume/sequential designation | 37 |
| 650 #0 - SUBJECT ADDED ENTRY--TOPICAL TERM | |
| Topical term or geographic name entry element | Middle Ages |
| Form subdivision | Fiction. |
| 650 #0 - SUBJECT ADDED ENTRY--TOPICAL TERM | |
| Topical term or geographic name entry element | Kings and rulers |
| Form subdivision | Fiction. |
| 650 #0 - SUBJECT ADDED ENTRY--TOPICAL TERM | |
| Topical term or geographic name entry element | Witches |
| Form subdivision | Fiction. |
| 650 #0 - SUBJECT ADDED ENTRY--TOPICAL TERM | |
| Topical term or geographic name entry element | Magic |
| Form subdivision | Fiction. |
| 655 #7 - INDEX TERM--GENRE/FORM | |
| Genre/form data or focus term | Fantasy fiction. |
| Source of term | gsafd |
| 800 1# - SERIES ADDED ENTRY--PERSONAL NAME | |
| Personal name | Vance, Jack, |
| Dates associated with a name | 1916-2013. |
| Title of a work | Lyonesse (Vance Integral Edition (Project)) ; |
| Volume/sequential designation | bk. 2. |
| 800 1# - SERIES ADDED ENTRY--PERSONAL NAME | |
| Personal name | Vance, Jack, |
| Dates associated with a name | 1916-2013. |
| Title of a work | Works. |
| Date of a work | 2002 ; |
| Volume/sequential designation | 37. |
| 906 ## - LOCAL DATA ELEMENT F, LDF (RLIN) | |
| a | 7 |
| b | cbc |
| c | orignew |
| d | 3 |
| e | ncip |
| f | 20 |
| g | y-gencatlg |
| 942 ## - ADDED ENTRY ELEMENTS (KOHA) | |
| Source of classification or shelving scheme | |
| Koha item type | Book |
| Withdrawn status | Lost status | Source of classification or shelving scheme | Damaged status | Not for loan | Collection code | Permanent Location | Current Location | Shelving location | Date acquired | Total Checkouts | Full call number | Barcode | Date last seen | Price effective from | Koha item type |
|---|---|---|---|---|---|---|---|---|---|---|---|---|---|---|---|
| Central Library (CL) | Central Library (CL) | Fiction | 12/03/2015 | 813.54 VAN 1985 | NBSD-2274 | 12/03/2015 | 12/03/2015 | Book |
